| 000 | 00714nas a2200241 4500 | ||
|---|---|---|---|
| 001 | BR9213412 | ||
| 003 | BR-BrBNA | ||
| 005 | 20231205095257.0 | ||
| 007 | ta | ||
| 008 | 230509b bl.|||p| |||| 00| 00por d | ||
| 040 |
_aBR-BrBNA _bpor _cBiblioteca Nacional de Agricultura |
||
| 041 | _a(Pt) | ||
| 072 | _aE21 | ||
| 100 | 1 | _aDantas, A.A.A. | |
| 100 | 1 | _aPiedade Junior, C. | |
| 245 | 1 | _aAnalise da potencia eletrica requerida no processamento de milho em moinho a martelos | |
| 650 | _aMilho | ||
| 650 | _aMoenda | ||
| 650 | _aMoagem | ||
| 773 | 0 |
_tEnergia na Agricultura (Brazil) _xISSN 0102-9169 _g(1990), v. 5(1) p. 34-38 _wBR9213412 |
|
| 909 |
_a202311 _bLúcia _c55 _dLúcia Elande |
||
| 942 |
_2AGRIS _n0 _cANA |
||
| 999 |
_c149773 _d149773 |
||